000 00288nam a2200121 i 4500
001 bg
245 0 _aWybrane zagadnienia geodezyjnych pomiarów odkształceń.
260 _aKraków,
_c1969.
040 _cBPK
041 _apol
942 _cKS
008 s pl f |000 0 pol
999 _c10482
_d10482
856 _uhttp://koha.tu.koszalin.pl/cgi-bin/koha/opac-detail.pl?biblionumber=10482
_yKatalog online BPK